<?xml version="1.0" encoding="UTF-8"?>
<record
    xmlns:xsi="http://www.w3.org/2001/XMLSchema-instance"
    xsi:schemaLocation="http://www.loc.gov/MARC21/slim http://www.loc.gov/standards/marcxml/schema/MARC21slim.xsd"
    xmlns="http://www.loc.gov/MARC21/slim">

  <leader>00705nam a2200205Ia 4500</leader>
  <controlfield tag="003">3228</controlfield>
  <controlfield tag="005">20240914101242.0</controlfield>
  <controlfield tag="008">210817s9999    xx            000 0 eng d</controlfield>
  <datafield tag="020" ind1=" " ind2=" ">
    <subfield code="a">9780796033154</subfield>
  </datafield>
  <datafield tag="040" ind1=" " ind2=" ">
    <subfield code="c">3228</subfield>
  </datafield>
  <datafield tag="082" ind1=" " ind2=" ">
    <subfield code="a">EKF MARC</subfield>
    <subfield code="2">23</subfield>
  </datafield>
  <datafield tag="100" ind1=" " ind2=" ">
    <subfield code="a"> Marcham, Christina L.   Pietermaritzburg, 2008  1st ed  </subfield>
    <subfield code="9">67503</subfield>
  </datafield>
  <datafield tag="245" ind1=" " ind2="0">
    <subfield code="a">The tortoise that wished too much </subfield>
    <subfield code="c">by Christina L. Marcham</subfield>
  </datafield>
  <datafield tag="250" ind1=" " ind2=" ">
    <subfield code="a">First edition.</subfield>
  </datafield>
  <datafield tag="260" ind1=" " ind2=" ">
    <subfield code="a">Pietermaritzburg : </subfield>
    <subfield code="b">Shuter &amp; Shooter, </subfield>
    <subfield code="c">2008.</subfield>
  </datafield>
  <datafield tag="300" ind1=" " ind2=" ">
    <subfield code="a">30 pages : color illustrations ; 21 cm</subfield>
    <subfield code="c">21 cm.</subfield>
  </datafield>
  <datafield tag="610" ind1=" " ind2=" ">
    <subfield code="a">Children's stories, South African English</subfield>
    <subfield code="9">188948</subfield>
  </datafield>
  <datafield tag="700" ind1=" " ind2=" ">
    <subfield code="a">Natalie Hinrichsen.</subfield>
    <subfield code="d">1974-</subfield>
    <subfield code="e"> illustrator</subfield>
    <subfield code="9">188949</subfield>
  </datafield>
  <datafield tag="942" ind1=" " ind2=" ">
    <subfield code="c">BK</subfield>
    <subfield code="2">ddc</subfield>
    <subfield code="y">375</subfield>
    <subfield code="z">Rosinah Mosako</subfield>
  </datafield>
  <datafield tag="999" ind1=" " ind2=" ">
    <subfield code="c">217714</subfield>
    <subfield code="d">217713</subfield>
  </datafield>
  <datafield tag="952" ind1=" " ind2=" ">
    <subfield code="0">0</subfield>
    <subfield code="1">0</subfield>
    <subfield code="2">ddc</subfield>
    <subfield code="4">0</subfield>
    <subfield code="7">0</subfield>
    <subfield code="a">THISL</subfield>
    <subfield code="b">THISL</subfield>
    <subfield code="c">CHILD</subfield>
    <subfield code="d">2021-08-18</subfield>
    <subfield code="g">155.00</subfield>
    <subfield code="l">1</subfield>
    <subfield code="o">EKF MARC </subfield>
    <subfield code="p">33228022245425</subfield>
    <subfield code="r">2024-09-14</subfield>
    <subfield code="s">2023-03-01</subfield>
    <subfield code="w">2021-08-18</subfield>
    <subfield code="y">BK</subfield>
  </datafield>
</record>
